Sports Quiz

Random Sports or MLB Quiz

MLB Players: 3+ Consecutive AS (2015- 2017) Quiz Stats

 Plays Quiz not verified by Sporcle

Also try: Big East
Challenge
Share
Tweet
Embed
Score 0/11 Timer 00:30
0 Plays Today
Year & Team(s), Position Player % Correct
2011- 2017: Dodgers P (7)Clayton Kershaw
97.6%
2012- 2017: Angels OF (6)Mike Trout
94.6%
2012- 2016: White Sox- 2017: Red Sox P (6)Chris Sale
92.7%
2013- 2017: Royals C (5)Salvador Perez
89.8%
2013- 2017: Diamondbacks 1B (5)Paul Goldschmidt
89.8%
2013- 2014: Tigers- 2015- 2017: Nationals P (5)Max Scherzer
80%
2014- 2017: Astros 2B (4)Jose Altuve
77.6%
2015- 2017: Rockies 3B (3)Nolan Arenado
56.6%
2015- 2017: Nationals OF (3)Bryce Harper
55.1%
2015- 2017: Giants C (3)Buster Posey
51.2%
2014- 2017: Yankees P (4)Dellin Betances
46.8%

You're not logged in!

Compare scores with friends on all Sporcle quizzes.
Join for Free
OR
Log In

You Might Also Like...

Show Comments

Extras

Top Quizzes Today


Score Distribution

Your Account Isn't Verified!

In order to create a playlist on Sporcle, you need to verify the email address you used during registration. Go to your Sporcle Settings to finish the process.

Report this User

Report this user for behavior that violates our Community Guidelines.

Details: